00580nam a22001697a 4500008004000000020001800040050002400058100002000082245008300102250001100185260004700196300002900243490002700272504003700299650003000336650004400366140715t ag||||| |||| 00| 0 spa d a978997467678704aK3264 .P7bE89 20121 aEtzioni, Amitai14aLos límites de la privacidad /cAmitai Etzioni; dir. José Ramón Agustina a1a ed. aBuenos Aires, Argentina :bEdisofer,c2012 axxviii, 339 p. ;c23 cm. 0aCriminología y penal aIncluye bibliografias e índice 72LEMBaDerechoxPrivacidad 72LEMBaPrivacidadxEstudio y enseñanza